| 000 | 00813nam a22001937a 4500 | ||
|---|---|---|---|
| 005 | 20241104145636.0 | ||
| 008 | 240603b ||||| |||| 00| 0 eng d | ||
| 040 | _cSSBUL | ||
| 041 | _aMyanmar | ||
| 082 |
_223 _a၂၉၄.၃၄၄၃၅ ပ _b၁၃၀၇၈ S-SAT |
||
| 100 | 0 | _aပဂျီငို၊ ဦး။ | |
| 245 | 1 | 0 |
_aဂမ္ဘီရဝိပဿနာရှုဘွယ်ကျမ်း၊ ဒုတိယတွဲ / _cဦးပဂျီငို။ |
| 250 | _aဒုတိယအကြိမ်။ | ||
| 260 |
_aရန်ကုန် ၊ _bဧရာဝတီစာပေတိုက်၊ _c၁၉၆၉။ |
||
| 300 |
_aဇ၊ ၂၁၆ စာမျက်နှာ ၊ _c၁၈ စင်တီ။ |
||
| 500 | _aS-SAT: Dr. Sai Aung Tun | ||
| 650 | _aဝိပဿနာ | ||
| 942 |
_2ddc _cBK1 |
||
| 999 |
_c41004 _d41004 |
||